000 02437nam0a2200409 4500
001 RU\NLR\bibl\1083073
005 20260405141432.0
010 _a5-8044-0761-9
_9300
021 _aRU
_b2007-21815
_91149
035 _a(NLR Aleph) 001070247
090 _a994098
_c994098
100 _a20070508d2006 |||y0rusy50 ca
101 0 _arus
_deng
_eeng
102 _aRU
105 _aa |||||||||
200 1 _aИстория предпринимательства на Дальнем Востоке России, конец XX - начало XXI
_dHistory of entrepreneurship in the Russian Far East the end of XX - the beginning of the XXI century
_fЛ.А. Моисеева, А.С. Ващук
_gРос. акад. наук, Дальневост. отд-ние, Ин-т истории, археологии и этнографии Дал. Востока ДВО РАН
_zeng
210 _aВладивосток
_cДВО РАН
_d2006
215 _a347 с.
_cил.
_d27
300 _aАвт. также на англ. яз.: L.A. Moiseyeva, A.S. Vashcuk
300 _aНа 4-й с. обл. авт.: Моисеева Л.А., д.ист.н., проф., засл. работник высш. шк. Рос. Федерации, Ващук А.С., д.ист.н., проф.
300 _aРез. на англ. яз.
320 _aБиблиогр.: с. 11-14 и в конце гл.
320 _aДр. произведения авт. на 4-й с. обл.
510 0 _6z11790
_aHistory of entrepreneurship in the Russian Far East the end of XX - the beginning of the XXI century
_zeng
606 1 _aПредпринимательство
_yРоссийская Федерация
_yДальний Восток
_z20 - 21 вв.
_92472239
_3RU\NLR\auth\661468211
686 _aУ9(2)-13(2Р55)
700 1 _4070
_8rus
_7ca
_aМоисеева
_bЛ. А.
_cд-р ист. наук
_gЛюбовь Андреевна
_3RU\NLR\auth\7752142
_935075
701 1 _4070
_8rus
_7ca
_aВащук
_bА. С.
_f1948-
_gАнгелина Сергеевна
_3RU\NLR\auth\7757499
_940431
790 1 _4070
_8rus
_7ba
_aMoiseeva
_bL. A.
_cд-р ист. наук
_gLjubov' Andreevna
_3RU\NLR\auth\7757261
_940193
790 1 _4070
_8rus
_7ba
_aVaščuk
_bA. S.
_f1948-
_gAngelina Sergeevna
_3RU\NLR\auth\7757505
_940437
801 0 _aRU
_bNLR
_c20070508
_gRCR
801 1 _aRU
_bNLR
_c20070508
830 _aАвт. по кн.
942 _cBOOK
980 _aNB